000 01111cam a22003374a 4500
005 20260322212058.0
008 data
010 _a 2005049913
020 _a9780743210911
020 _a0743210913
040 _aDLC
_cDLC
_dDLC
042 _apcc
043 _an-cn-bc
050 0 0 _aHV6535.C32
_bB753 2005
082 0 0 _a364.152/3/0971128
_222
100 1 _aGodfrey, Rebecca.
245 1 0 _aUnder the bridge /
_cRebecca Godfrey.
260 _aNew York :
_bSimon & Schuster,
_cc2005.
300 _a346 p. :
_bill. ;
_c25 cm.
600 1 0 _aVirk, Reena,
_d1983-1997.
600 1 0 _aEllard, Kelly Marie.
600 1 0 _aGlowatski, Warren.
650 0 _aMurder
_zBritish Columbia.
650 0 _aJuvenile homicide
_zBritish Columbia.
650 0 _aMurder
_xInvestigation
_zBritish Columbia.
650 0 _aTrials (Murder)
_zBritish Columbia.
650 0 _aTeenage girls
_xCrimes against
_zBritish Columbia.
856 4 2 _3Publisher description
_uhttp://www.loc.gov/catdir/enhancements/fy0631/2005049913-d.html
856 4 1 _3Sample text
_uhttp://www.loc.gov/catdir/enhancements/fy0641/2005049913-s.html
001 data
999 _c1387
_d1387